A Textbook of Nursing Foundation - I (Record no. 1786)
[ view plain ]
| 000 -LEADER | |
|---|---|
| Fixed length control field | 00577nam a2200205Ia 4500 |
| 003 - CONTROL NUMBER IDENTIFIER | |
| Control field | IIN |
| 005 - DATE AND TIME OF LATEST TRANSACTION | |
| Control field | 20250430132335.0 |
| 008 - FIXED-LENGTH DATA ELEMENTS--GENERAL INFORMATION | |
| Fixed length control field | 250430s2022 xx ad 001 0 eng d |
| 020 ## - INTERNATIONAL STANDARD BOOK NUMBER / ISBN | |
| Price | Rs.455.00 |
| International Standard Book Number | 9781543345674 |
| 040 ## - CATALOGING SOURCE | |
| Original cataloging agency | IIN |
| Language of cataloging | English |
| 082 ## - DEWEY DECIMAL CLASSIFICATION NUMBER | |
| Classification number | 610.73 |
| Book Number | KAU |
| 100 1# - MAIN ENTRY--PERSONAL NAME | |
| Personal name | Kaur, Lakhwinder |
| 245 #2 - TITLE STATEMENT | |
| Title | A Textbook of Nursing Foundation - I |
| Sub title | for BSc. Nursing/ |
| Statement of responsibility | Lakhwinder Kaur & Maninder Kaur |
| 260 ## - IMPRINT | |
| Place of publication | Jalandhar |
| Name of publisher | PV |
| Date of publication | 2022 |
| 300 ## - PHYSICAL DESCRIPTION | |
| Page / Vol. No | 365 p. |
| Other physical details | ill. |
| 500 ## - GENERAL NOTE | |
| General note | Includes Index |
| 650 1# - SUBJECT ADDED ENTRY--TOPICAL TERM | |
| Topical term | Foundation |
| Form subdivision | Nursing |
| 700 1# - ADDED ENTRY--PERSONAL NAME | |
| Personal name | Kaur, Maninder |
| 942 ## - ADDED ENTRY ELEMENTS (KOHA) | |
| Koha item type | Books |
| Withdrawn status | Lost status | Source of classification | Damaged status | Not for loan | Collection code | Home library | Current library | Shelving location | Date acquired | Total Checkouts | Call number | Accession number | Date last seen | Price effective from | Koha item type |
|---|---|---|---|---|---|---|---|---|---|---|---|---|---|---|---|
| Dewey Decimal Classification | Purches Book | IDEAL INSTITUTE OF NURSING | IDEAL INSTITUTE OF NURSING | General Stacks | 11/03/2025 | 610.73 KAU | 1962 | 30/04/2025 | 30/04/2025 | Books |
